000 00356 a2200169 4500
001 186693
020 _a85-262-4897-9
040 _cMagnum
100 _aBandeira, Pedro
240 1 0 _aA roupa nova do rei
_lpor
245 1 0 _aA roupa nova do rei
300 _a31
362 0 _a2003
440 1 _aModerna
697 _aLITERATURA INFANTO
942 _cBK
999 _c186693
_d186693